[Event "British Columbia op"]
[Site "Richmond"]
[Date "2013.02.10"]
[Round "3.2"]
[White "Cheng, Jack"]
[Black "Doknjas, John"]
[Result "1-0"]
[WhiteElo "2222"]
[BlackElo "2094"]
[PlyCount "89"]
[EventDate "2013.02.09"]
[EventRounds "5"]
[EventCountry "CAN"]
[SourceDate "2005.09.12"]

1. e4 c5 2. Nf3 d6 3. d4 cxd4 4. Nxd4 Nf6 5. Nc3 a6 6. Be2 e5 7. Nb3 Be7 8. O-O
O-O 9. Kh1 Nc6 10. Be3 Be6 11. Bf3 Na5 12. Nxa5 Qxa5 13. Qd2 Kh8 14. Rfd1 Rfd8
15. h3 Rac8 16. a3 Nd7 17. Rac1 Rc6 18. Bg5 Bxg5 19. Qxg5 Nf6 20. Qd2 Rc7 21.
g4 Rc6 22. Kg2 Nd7 23. Nd5 Bxd5 24. exd5 Rc7 25. c4 Qxd2 26. Rxd2 Rdc8 27. Be2
b5 28. Rdc2 Nb6 29. b3 Nxd5 30. Kf3 bxc4 31. Bxc4 Nb6 32. Bd3 Rxc2 33. Rxc2
Rxc2 34. Bxc2 Kg8 35. Ke4 f6 36. Kd3 Kf8 37. Kc3 a5 38. b4 axb4+ 39. Kxb4 Ke7
40. Kb5 Nc8 41. Kc6 Kd8 42. a4 d5 43. Kxd5 Kc7 44. Ke6 Nd6 45. Bxh7 1-0

[Event "British Columbia op"]
[Site "Richmond"]
[Date "2013.02.10"]
[Round "3.3"]
[White "Herdin, Matthew"]
[Black "Sohal, Tanraj"]
[Result "0-1"]
[WhiteElo "1976"]
[BlackElo "2205"]
[PlyCount "54"]
[EventDate "2013.02.09"]
[EventRounds "5"]
[EventCountry "CAN"]
[SourceDate "2005.09.12"]

1. e4 c5 2. Nf3 Nc6 3. d4 cxd4 4. Nxd4 Nf6 5. Nc3 e5 6. Ndb5 d6 7. Bg5 a6 8.
Na3 b5 9. Nd5 Be7 10. Bxf6 Bxf6 11. c3 Bg5 12. Nc2 Ne7 13. Nce3 Bxe3 14. Nxe3
Bb7 15. Qd3 O-O 16. Rd1 Qa5 17. a3 Rad8 18. Nd5 Bxd5 19. exd5 Ng6 20. g3 e4 21.
Qd4 Rfe8 22. Be2 f5 23. O-O Ne5 24. f3 exf3 25. Bxf3 Qc7 26. g4 Nxf3+ 27. Rxf3
Re4 0-1

[Event "British Columbia op"]
[Site "Richmond"]
[Date "2013.02.10"]
[Round "3.4"]
[White "North, Robert"]
[Black "Chan, James"]
[Result "1/2-1/2"]
[WhiteElo "1910"]
[BlackElo "2160"]
[PlyCount "51"]
[EventDate "2013.02.09"]
[EventRounds "5"]
[EventCountry "CAN"]
[SourceDate "2005.09.12"]

1. d4 d5 2. c4 c6 3. Nf3 Nf6 4. e3 a6 5. a4 a5 6. Nc3 g6 7. Bd3 Bg7 8. O-O O-O
9. Ne5 Na6 10. f4 Nb4 11. Bb1 Nd7 12. cxd5 cxd5 13. Nd3 Nxd3 14. Bxd3 e6 15.
Qb3 Qb6 16. Nb5 Nb8 17. Bd2 Bd7 18. Rfc1 Nc6 19. Ra3 Rfb8 20. Qd1 Bf8 21. Rb3
Nb4 22. Be2 Rc8 23. Rbc3 Bc6 24. Ra1 Bd7 25. Rac1 Bc6 26. Ra1 1/2-1/2

[Event "British Columbia op"]
[Site "Richmond"]
[Date "2013.02.10"]
[Round "3.5"]
[White "Lee, Andrew"]
[Black "Pechisker, Alfred"]
[Result "0-1"]
[WhiteElo "1866"]
[BlackElo "2242"]
[PlyCount "96"]
[EventDate "2013.02.09"]
[EventRounds "5"]
[EventCountry "CAN"]
[SourceDate "2005.09.12"]

1. e4 c5 2. Nf3 d6 3. d4 cxd4 4. Nxd4 Nf6 5. Nc3 a6 6. Be3 Qc7 7. Be2 b5 8. a3
Bb7 9. f3 e6 10. Qd2 Nc6 11. O-O Be7 12. Rad1 O-O 13. g4 Nxd4 14. Bxd4 e5 15.
Be3 d5 16. exd5 Rad8 17. Bd3 b4 18. axb4 Bxb4 19. Bg5 Rd6 20. Qf2 Bxc3 21. bxc3
Qxc3 22. Qh4 h6 23. Bxh6 gxh6 24. Qxh6 Qd4+ 25. Kh1 Qf4 26. g5 Ne4 27. fxe4
Rxh6 28. Rxf4 exf4 29. gxh6 Kh7 30. Kg1 Kxh6 31. Ra1 Kg5 32. Bxa6 Ra8 33. d6
Bxe4 34. d7 Rd8 35. Re1 Bf5 36. Re5 Kf6 37. Rd5 Bxd7 38. Kf2 Ke7 39. Rd4 Rh8
40. Kg2 Bc6+ 41. Kg1 f3 42. Rd2 f5 43. Bd3 Ke6 44. c4 Ke5 45. Kf1 Kf4 46. Rf2
Ra8 47. Kg1 Ke3 48. Bf1 Rg8+ 0-1

[Event "British Columbia op"]
[Site "Richmond"]
[Date "2013.02.10"]
[Round "3.7"]
[White "Kenney, Jason"]
[Black "Bates, Darren"]
[Result "1/2-1/2"]
[WhiteElo "2250"]
[BlackElo "1817"]
[PlyCount "84"]
[EventDate "2013.02.09"]
[EventRounds "5"]
[EventCountry "CAN"]
[SourceDate "2005.09.12"]

1. c4 e5 2. g3 f5 3. Bg2 Nf6 4. Nc3 c6 5. d4 e4 6. Nh3 Bb4 7. O-O O-O 8. Qb3
Bxc3 9. bxc3 d5 10. f3 dxc4 11. Qxc4+ Qd5 12. Qa4 b5 13. Qc2 b4 14. Be3 bxc3
15. Qxc3 Ba6 16. Rfe1 Qc4 17. Qd2 Nbd7 18. Rac1 Qa4 19. Bf4 Nb6 20. e3 Bc4 21.
Nf2 Qxa2 22. Qxa2 Bxa2 23. fxe4 fxe4 24. Rxc6 Bd5 25. Rc5 Rfc8 26. Rec1 a5 27.
Bc7 Nbd7 28. R5c3 a4 29. Bd6 Rxc3 30. Rxc3 Nb6 31. Bf1 Bb3 32. Ba3 Nbd5 33. Rc1
Nxe3 34. Bb5 Nc2 35. Bc6 Rd8 36. Be7 Rxd4 37. Bxf6 gxf6 38. Nxe4 Kf7 39. Nc3
Kg7 40. Bxa4 Bxa4 41. Nxa4 Rxa4 42. Rxc2 Kg6 1/2-1/2

[Event "British Columbia op"]
[Site "Richmond"]
[Date "2013.02.10"]
[Round "3.16"]
[White "Pulfer, Luke"]
[Black "Ingram, Richard"]
[Result "0-1"]
[WhiteElo "1605"]
[BlackElo "2009"]
[PlyCount "90"]
[EventDate "2013.02.09"]
[EventRounds "5"]
[EventCountry "CAN"]
[SourceDate "2005.09.12"]

1. d4 Nf6 2. c4 e6 3. Nc3 Bb4 4. e3 O-O 5. Bd3 d5 6. Nf3 dxc4 7. Bxc4 c5 8. a3
Bxc3+ 9. bxc3 b5 10. Bxb5 Qa5 11. Qb3 Ba6 12. Bxa6 Nxa6 13. O-O Rab8 14. Qc2
Rfc8 15. c4 Qc7 16. Nd2 cxd4 17. exd4 e5 18. Bb2 e4 19. c5 Ng4 20. g3 e3 21. f3
Nxh2 22. Kxh2 exd2 23. Qxd2 Qb7 24. Rab1 Qd5 25. Qf2 Rb3 26. Kg2 Rcb8 27. Rfe1
Nc7 28. Re3 Rxe3 29. Qxe3 Ne6 30. Qe2 h5 31. Rd1 h4 32. Rd2 hxg3 33. Qe3 Rb3
34. Qe4 Qh5 35. Kg1 Ng5 36. Qe8+ Kh7 37. Kf1 Qxf3+ 38. Ke1 Re3+ 39. Qxe3 Qxe3+
40. Kd1 Nf3 41. Re2 Qd3+ 42. Kc1 Qxe2 43. c6 g2 44. Kb1 g1=Q+ 45. Ka2 Qc4# 0-1

[Event "British Columbia op"]
[Site "Richmond"]
[Date "2013.02.10"]
[Round "3.20"]
[White "Knox, Nathaniel"]
[Black "Jose, Marionito"]
[Result "1/2-1/2"]
[WhiteElo "1511"]
[BlackElo "1652"]
[PlyCount "100"]
[EventDate "2013.02.09"]
[EventRounds "5"]
[EventCountry "CAN"]
[SourceDate "2005.09.12"]

1. d4 Nf6 2. c4 g6 3. Nc3 Bg7 4. Nf3 O-O 5. Bg5 h6 6. Bh4 g5 7. Bg3 Nh5 8. e3
d6 9. Bd3 f5 10. Nd2 Nxg3 11. hxg3 Qe8 12. Qc2 Nc6 13. a3 e5 14. d5 Ne7 15. Be2
a6 16. O-O-O Bd7 17. e4 Rb8 18. exf5 Nxf5 19. Bg4 Nd4 20. Bxd7 Qxd7 21. Qg6 Qf5
22. Qxf5 Rxf5 23. Nde4 b5 24. cxb5 axb5 25. b4 Rb6 26. Kb2 Rf8 27. Ra1 Ra8 28.
Ra2 Kf7 29. Re1 Kg6 30. g4 h5 31. gxh5+ Kxh5 32. f3 Kg6 33. Ne2 c6 34. N2c3 c5
35. bxc5 dxc5 36. Nxc5 b4 37. N3a4 bxa3+ 38. Kc3 Rbb8 39. Kd3 Rb5 40. Raa1 Bf8
41. Rec1 Bd6 42. Rc3 Rc8 43. Ne4 Rxc3+ 44. Naxc3 Rb6 45. Nxd6 Rxd6 46. Rxa3 Nf5
47. Ra7 Rb6 48. Ra2 Nd4 49. Kc4 g4 50. Rf2 gxf3 1/2-1/2

[Event "British Columbia op"]
[Site "Richmond"]
[Date "2013.02.10"]
[Round "3"]
[White "Han, Yiming"]
[Black "Lin, Alex"]
[Result "1-0"]
[WhiteElo "1926"]
[BlackElo "1603"]
[PlyCount "93"]
[EventDate "2013.02.09"]
[EventRounds "5"]
[EventCountry "CAN"]
[SourceDate "2005.09.12"]

1. e4 e5 2. Nf3 Nc6 3. Bc4 Nf6 4. Ng5 d5 5. exd5 b5 6. dxc6 bxc4 7. O-O h6 8.
Nf3 Bd6 9. d4 cxd3 10. cxd3 Bg4 11. h3 Bh5 12. Nbd2 O-O 13. Qc2 Re8 14. b3 Rb8
15. Bb2 Nd5 16. a3 Nf4 17. Qc4 Qf6 18. Ne4 Qg6 19. Nh4 Qe6 20. b4 Bg6 21. Qxe6
Rxe6 22. Nxd6 Rxd6 23. Bxe5 Ne2+ 24. Kh2 Rxd3 25. Nxg6 fxg6 26. Rfd1 Rxd1 27.
Rxd1 Re8 28. Bxc7 Nc3 29. Rd8 Kf7 30. Rxe8 Kxe8 31. Be5 Nd5 32. Bxg7 h5 33. b5
Kd8 34. Bd4 Kc7 35. Kg3 g5 36. Kf3 Kb8 37. Ke4 Nc7 38. Be5 Kc8 39. Bxc7 Kxc7
40. Kd5 Kc8 41. a4 h4 42. a5 Kc7 43. Kc5 Kc8 44. b6 axb6+ 45. axb6 g4 46. hxg4
h3 47. gxh3 1-0

[Event "British Columbia op"]
[Site "Richmond"]
[Date "2013.02.11"]
[Round "4.1"]
[White "Sohal, Tanraj"]
[Black "Cheng, Jack"]
[Result "1-0"]
[WhiteElo "2205"]
[BlackElo "2222"]
[PlyCount "95"]
[EventDate "2013.02.09"]
[EventRounds "5"]
[EventCountry "CAN"]
[SourceDate "2005.09.12"]

1. d4 Nf6 2. c4 g6 3. Nc3 Bg7 4. e4 d6 5. Nf3 O-O 6. Be2 e5 7. O-O Nc6 8. d5
Ne7 9. Ne1 Nd7 10. Nd3 f5 11. Bd2 Nf6 12. f3 f4 13. c5 g5 14. Rc1 Ng6 15. Nb5
Rf7 16. Ba5 b6 17. cxd6 cxd6 18. Be1 a6 19. Nc3 h5 20. Nb4 Bf8 21. Nc6 Qe8 22.
Qb3 Nd7 23. Bf2 Nc5 24. Qxb6 Rb7 25. Qd8 Qxd8 26. Nxd8 Rxb2 27. Nc6 Bd7 28. Rb1
Rxb1 29. Rxb1 g4 30. Rb6 gxf3 31. gxf3 h4 32. Nb8 Na4 33. Nxa4 Bxa4 34. Rxa6
Rxb8 35. Rxa4 Rb1+ 36. Bf1 h3 37. Ra8 Kf7 38. a4 Be7 39. Ra7 Kf8 40. a5 Kg8 41.
a6 Bh4 42. Rb7 Ra1 43. a7 Ra2 44. Bb6 Bg3 45. Rb8+ Kg7 46. a8=Q Bxh2+ 47. Kh1
Rxa8 48. Rxa8 1-0

[Event "British Columbia op"]
[Site "Richmond"]
[Date "2013.02.11"]
[Round "4.2"]
[White "Villavieja, Butch"]
[Black "North, Robert"]
[Result "1-0"]
[WhiteElo "2304"]
[BlackElo "1910"]
[PlyCount "67"]
[EventDate "2013.02.09"]
[EventRounds "5"]
[EventCountry "CAN"]
[SourceDate "2005.09.12"]

1. e4 c5 2. c3 Nf6 3. e5 Nd5 4. d4 cxd4 5. Nf3 Nc6 6. Bc4 e6 7. cxd4 Nb6 8. Bb3
d6 9. O-O dxe5 10. dxe5 Qxd1 11. Rxd1 a5 12. Nc3 a4 13. Bc2 Ra5 14. Be3 Bc5 15.
Bxc5 Rxc5 16. Nxa4 Nxa4 17. Bxa4 Bd7 18. b4 Rc4 19. a3 Ke7 20. Bb5 Rc3 21. Rdc1
Rxc1+ 22. Rxc1 Ra8 23. Bxc6 Bxc6 24. Rc3 Rd8 25. h3 h6 26. Kh2 f6 27. Kg3 f5
28. h4 g6 29. Kf4 Rd1 30. g3 Kd7 31. Ke3 Bxf3 32. Kxf3 Rd5 33. Re3 b5 34. Ke2
1-0

[Event "British Columbia op"]
[Site "Richmond"]
[Date "2013.02.11"]
[Round "4.3"]
[White "Velazquez, Hector"]
[Black "Pechisker, Alfred"]
[Result "0-1"]
[WhiteElo "2021"]
[BlackElo "2242"]
[PlyCount "108"]
[EventDate "2013.02.09"]
[EventRounds "5"]
[EventCountry "CAN"]
[SourceDate "2005.09.12"]

1. e4 c5 2. Nf3 d6 3. d4 cxd4 4. Nxd4 Nf6 5. Nc3 a6 6. Bg5 e6 7. f4 Nbd7 8. Qf3
Qc7 9. O-O-O b5 10. Bxf6 Nxf6 11. a3 Bb7 12. Bd3 Rd8 13. Rhe1 g6 14. Kb1 Bg7
15. g4 Nd7 16. Nce2 e5 17. Nb3 exf4 18. Qxf4 O-O 19. h4 Ne5 20. h5 Nc4 21. Bxc4
Qxc4 22. Nec1 Rfe8 23. Na5 Rxe4 24. Qg5 f6 25. Qd2 Qc8 26. hxg6 hxg6 27. Nxb7
Qxb7 28. Rh1 Rxg4 29. Qh2 Rg2 30. Qh3 f5 31. Qb3+ d5 32. Nd3 Rc8 33. Nb4 Rc4
34. Rxd5 Rgxc2 35. Rd8+ Kf7 36. Nxc2 Qxh1+ 37. Ka2 Ke7 38. Qd3 Qc6 39. Nb4 Qe6
40. b3 Rc7 41. Ra8 Rd7 42. Qc2 Qe1 43. Nc6+ Kf7 44. Nd8+ Rxd8 45. Qc7+ Qe7 46.
Qxe7+ Kxe7 47. Rxa6 g5 48. Rb6 Rd5 49. a4 bxa4 50. bxa4 Bd4 51. Rg6 Bf6 52. Kb3
f4 53. Kc4 Rd4+ 54. Kb5 f3 0-1

[Event "British Columbia op"]
[Site "Richmond"]
[Date "2013.02.11"]
[Round "4.4"]
[White "Chan, James"]
[Black "Patterson, Roger"]
[Result "1/2-1/2"]
[WhiteElo "2160"]
[BlackElo "2084"]
[PlyCount "130"]
[EventDate "2013.02.09"]
[EventRounds "5"]
[EventCountry "CAN"]
[SourceDate "2005.09.12"]

1. e4 e5 2. Nf3 Nc6 3. Bb5 a6 4. Ba4 Nf6 5. d3 d6 6. c4 Bd7 7. Nc3 g6 8. O-O
Bg7 9. h3 O-O 10. Be3 h6 11. Qd2 Kh7 12. Bc2 g5 13. d4 g4 14. hxg4 Nxg4 15. d5
Ne7 16. g3 f5 17. exf5 Bxf5 18. Nh4 Nxe3 19. fxe3 Bxc2 20. Qxc2+ Kg8 21. Rxf8+
Qxf8 22. Rf1 Qe8 23. Qe2 Qd7 24. Qh5 Rf8 25. Rxf8+ Kxf8 26. g4 Qe8 27. Qxe8+
Kxe8 28. Ne4 Kf7 29. Kf2 Bf6 30. Nf3 a5 31. Ke2 b6 32. Kd3 Ng6 33. Nc3 Nh4 34.
Nd2 Bd8 35. Nde4 Kg6 36. Ke2 Kf7 37. Nb5 Ng6 38. Kf3 Nf8 39. Ng3 Nh7 40. Nc3
Kg6 41. Nge4 h5 42. gxh5+ Kxh5 43. Ng3+ Kg6 44. Nce4 Ng5+ 45. Kg4 Nxe4 46. Nxe4
Be7 47. Ng3 Bg5 48. Kf3 Bh4 49. Ne2 Kf5 50. Nc3 Be7 51. b3 Bf6 52. Ne4 Bh4 53.
a3 Be1 54. b4 axb4 55. axb4 Bxb4 56. Nf2 Be1 57. e4+ Kg5 58. Nh3+ Kh4 59. Ng1
Bc3 60. Ke2 Bd4 61. Nf3+ Kg4 62. Nxd4 exd4 63. Kd3 Kf3 64. Kxd4 Kf4 65. Kd3 Kf3
1/2-1/2

[Event "British Columbia op"]
[Site "Richmond"]
[Date "2013.02.11"]
[Round "4.5"]
[White "Cao, Jason"]
[Black "Han, Yiming"]
[Result "1-0"]
[WhiteElo "2223"]
[BlackElo "1926"]
[PlyCount "77"]
[EventDate "2013.02.09"]
[EventRounds "5"]
[EventCountry "CAN"]
[SourceDate "2005.09.12"]

1. e4 Nc6 2. Nf3 e5 3. Bb5 a6 4. Ba4 Nf6 5. O-O b5 6. Bb3 Bc5 7. d3 d6 8. h3
Na5 9. Nc3 Nxb3 10. axb3 Bb7 11. Ne2 O-O 12. Ng3 d5 13. Qe2 Re8 14. Bg5 h6 15.
Bd2 Qd6 16. Rfe1 Qc6 17. Bc3 Bd6 18. Rac1 a5 19. Nh4 b4 20. Bd2 Bf8 21. Nhf5
Qd7 22. Rcd1 a4 23. bxa4 Rxa4 24. Nh5 Nxh5 25. Qxh5 Ra6 26. Qg4 Rg6 27. Nxh6+
gxh6 28. Qxd7 Re7 29. Qf5 Ree6 30. Ra1 Bd6 31. f3 Rg3 32. Kh2 Reg6 33. Re2 dxe4
34. fxe4 Bd5 35. exd5 e4 36. Bf4 R3g5 37. Qc8+ Kg7 38. Bxd6 cxd6 39. Ra8 1-0

[Event "British Columbia op"]
[Site "Richmond"]
[Date "2013.02.11"]
[Round "4.6"]
[White "Herdin, Matthew"]
[Black "Han, Yifei"]
[Result "1-0"]
[WhiteElo "1976"]
[BlackElo "2129"]
[PlyCount "111"]
[EventDate "2013.02.09"]
[EventRounds "5"]
[EventCountry "CAN"]
[SourceDate "2005.09.12"]

1. e4 e5 2. Nf3 Nc6 3. Bb5 a6 4. Ba4 Nf6 5. O-O Be7 6. Re1 b5 7. Bb3 d6 8. c3
O-O 9. h3 Na5 10. Bc2 c5 11. d4 Qc7 12. Nbd2 cxd4 13. cxd4 Nc6 14. d5 Nb4 15.
Bb1 a5 16. a3 Na6 17. Nf1 Bd7 18. Be3 Nc5 19. Ng3 Rfb8 20. b3 Rc8 21. Ra2 Qb8
22. Nd2 Bd8 23. Kh2 Bb6 24. Ngf1 Na6 25. g3 Bxe3 26. Nxe3 Rc3 27. f4 Qb6 28.
Qe2 Rac8 29. Rc2 Qc5 30. fxe5 Rxc2 31. Bxc2 dxe5 32. Nf3 Qc3 33. Qd3 Qxd3 34.
Bxd3 Nc5 35. Nxe5 Nxd3 36. Nxd3 Rc3 37. Nf2 Rxb3 38. e5 Rb2 39. Kg1 Nh5 40. Ne4
b4 41. axb4 Rxb4 42. Nc5 Bxh3 43. Kh2 Bc8 44. d6 Rb2+ 45. Ng2 Bg4 46. d7 Rd2
47. Rb1 f6 48. Rb8+ Kf7 49. e6+ Bxe6 50. d8=Q Rxd8 51. Rxd8 Bg4 52. Rd4 f5 53.
Nf4 Nf6 54. Nd7 Bf3 55. Ne5+ Ke7 56. Nxf3 1-0

[Event "British Columbia op"]
[Site "Richmond"]
[Date "2013.02.11"]
[Round "4.7"]
[White "Doknjas, John"]
[Black "Roback, Joe"]
[Result "1-0"]
[WhiteElo "2094"]
[BlackElo "1885"]
[PlyCount "47"]
[EventDate "2013.02.09"]
[EventRounds "5"]
[EventCountry "CAN"]
[SourceDate "2005.09.12"]

1. d4 Nf6 2. c4 g6 3. Nc3 Bg7 4. e4 d6 5. f3 O-O 6. Be3 e5 7. d5 c6 8. Qd2 a6
9. Nge2 cxd5 10. cxd5 Nbd7 11. g4 b5 12. Ng3 Nb6 13. b3 b4 14. Nd1 a5 15. Be2
Nfd7 16. h4 Nc5 17. h5 Ra7 18. Nb2 Re8 19. Nd3 Rc7 20. Nxc5 dxc5 21. Bb5 Nd7
22. hxg6 hxg6 23. Bg5 Bf6 24. Qh2 1-0

[Event "British Columbia op"]
[Site "Richmond"]
[Date "2013.02.11"]
[Round "4.8"]
[White "Wu, Ruining"]
[Black "Lee, Andrew"]
[Result "1-0"]
[WhiteElo "2042"]
[BlackElo "1866"]
[PlyCount "61"]
[EventDate "2013.02.09"]
[EventRounds "5"]
[EventCountry "CAN"]
[SourceDate "2005.09.12"]

1. d4 d5 2. c4 c6 3. Nf3 Nf6 4. e3 e6 5. b3 Bb4+ 6. Nbd2 Ne4 7. Bd3 f5 8. O-O
Nd7 9. Bb2 O-O 10. Qc2 Rf6 11. a3 Be7 12. Ne5 Nxe5 13. dxe5 Rf8 14. Rad1 Bd7
15. Nxe4 fxe4 16. Be2 Qe8 17. f4 exf3 18. Bxf3 Bd8 19. e4 Bb6+ 20. c5 Bc7 21.
b4 Qg6 22. Rf2 Rf4 23. Qb3 Qg5 24. exd5 cxd5 25. Bc1 Raf8 26. Bxd5 Qxe5 27.
Bxf4 Rxf4 28. Rxf4 Qxf4 29. Bxe6+ Bxe6 30. Qxe6+ Kh8 31. Qe8+ 1-0

[Event "British Columbia op"]
[Site "Richmond"]
[Date "2013.02.11"]
[Round "4.9"]
[White "Bates, Darren"]
[Black "Dimitrijevic, Darko"]
[Result "0-1"]
[WhiteElo "1817"]
[BlackElo "2027"]
[PlyCount "120"]
[EventDate "2013.02.09"]
[EventRounds "5"]
[EventCountry "CAN"]
[SourceDate "2005.09.12"]

1. e4 c5 2. Nf3 e6 3. d4 cxd4 4. Nxd4 a6 5. Bd3 Qc7 6. O-O Nf6 7. Kh1 h5 8. f4
Bc5 9. c3 d6 10. e5 Ng4 11. b4 Bxd4 12. cxd4 Nc6 13. Be2 f5 14. exf6 Nxf6 15.
a3 Qf7 16. Nc3 O-O 17. d5 exd5 18. Bf3 Bg4 19. Bxd5 Nxd5 20. Qxd5 Rad8 21.
Qxf7+ Rxf7 22. Nd5 Be6 23. Ne3 d5 24. f5 Bc8 25. f6 d4 26. Nc4 Be6 27. Na5 Ne5
28. Bg5 Rdf8 29. h4 Ng4 30. Rfe1 gxf6 31. Bh6 Re8 32. Bf4 Nf2+ 33. Kh2 Nd3 34.
Rf1 Bd5 35. Rad1 Nxf4 36. Rxf4 Rg7 37. Rd2 Re4 38. Rxe4 Bxe4 39. Rxd4 Bxg2 40.
Nc4 Bc6 41. Rd6 Kf7 42. Na5 Ke7 43. Rd2 Be4 44. Re2 f5 45. Nxb7 Kf6 46. Nc5 Ke5
47. Nxa6 Rg4 48. Kh3 Kf4 49. Rf2+ Ke3 50. Rb2 f4 51. Nc5 Bf5 52. Kh2 Rxh4+ 53.
Kg1 Rg4+ 54. Kf1 f3 55. Rb3+ Kf4 56. b5 Rg8 57. b6 Bh3+ 58. Ke1 Re8+ 59. Kf2
Re2+ 60. Kg1 f2+ 0-1

[Event "British Columbia op"]
[Site "Richmond"]
[Date "2013.02.11"]
[Round "4.10"]
[White "Salcedo, Daniel"]
[Black "Kenney, Jason"]
[Result "0-1"]
[WhiteElo "1937"]
[BlackElo "2250"]
[PlyCount "65"]
[EventDate "2013.02.09"]
[EventRounds "5"]
[EventCountry "CAN"]
[SourceDate "2005.09.12"]

1. d4 Nf6 2. c4 c5 3. d5 e6 4. Nc3 exd5 5. cxd5 d6 6. e4 g6 7. Nf3 Bg7 8. Be2
O-O 9. O-O Re8 10. Nd2 a6 11. a4 b6 12. f4 Nbd7 13. Bf3 Rb8 14. Qe2 Nxe4 15.
Ndxe4 f5 16. Qc2 fxe4 17. Nxe4 Nf6 18. Ng3 Bg4 19. Qd1 Qd7 20. Ra3 b5 21. axb5
axb5 22. h3 Bxf3 23. Qxf3 Qf7 24. Ra6 Nxd5 25. Rxd6 Bd4+ 26. Kh2 Ne3 27. Rh1 b4
28. Ra6 Qb7 29. Rc6 Nc4 30. Qd5+ Qf7 31. Qxf7+ Kxf7 32. Rc7+ Kg8 33. Rd1 0-1

[Event "British Columbia op"]
[Site "Richmond"]
[Date "2013.02.11"]
[Round "4.11"]
[White "Ingram, Richard"]
[Black "Kosinski, George"]
[Result "1-0"]
[WhiteElo "2009"]
[BlackElo "1865"]
[PlyCount "77"]
[EventDate "2013.02.09"]
[EventRounds "5"]
[EventCountry "CAN"]
[SourceDate "2005.09.12"]

1. d4 g6 2. g3 Bg7 3. Bg2 d6 4. Nf3 Nf6 5. O-O O-O 6. Nbd2 Nc6 7. Nc4 Nd7 8. c3
e5 9. e4 b5 10. Ne3 Nb6 11. dxe5 dxe5 12. Qe2 a6 13. Rd1 Qe7 14. Nd5 Nxd5 15.
exd5 Nd8 16. a4 bxa4 17. Rxa4 a5 18. b4 Qd7 19. Qa2 Nb7 20. c4 c5 21. bxc5 Nxc5
22. Rxa5 Bb7 23. Be3 Na4 24. Rxa8 Rxa8 25. Qd2 e4 26. Nd4 Nc5 27. Nb5 Nd3 28.
Bxe4 Nb2 29. Rc1 Nxc4 30. Rxc4 Qxb5 31. Rc1 Qa4 32. Bf3 Qb3 33. Qd1 Qb2 34. Rb1
Ra1 35. Rxa1 Qxa1 36. Bc1 Bxd5 37. Bxd5 Bb2 38. Bxf7+ Kxf7 39. Qb3+ 1-0

[Event "British Columbia op"]
[Site "Richmond"]
[Date "2013.02.11"]
[Round "4.18"]
[White "Jose, Marionito"]
[Black "Pulfer, Luke"]
[Result "1/2-1/2"]
[WhiteElo "1652"]
[BlackElo "1605"]
[PlyCount "111"]
[EventDate "2013.02.09"]
[EventRounds "5"]
[EventCountry "CAN"]
[SourceDate "2005.09.12"]

1. d4 d5 2. Nf3 Nf6 3. c4 e6 4. Nc3 Be7 5. e3 O-O 6. Bd3 b6 7. O-O Bb7 8. b3
Nbd7 9. Bb2 c5 10. Rc1 Ne4 11. Qe2 Ndf6 12. h3 Rc8 13. Bb1 cxd4 14. Nxd4 Qd7
15. cxd5 Nxc3 16. Bxc3 Nxd5 17. Bb2 f5 18. Rfd1 Rxc1 19. Rxc1 e5 20. Qb5 Qxb5
21. Nxb5 e4 22. Nxa7 Bc5 23. Nb5 f4 24. Bxe4 fxe3 25. Bxd5+ Bxd5 26. Bd4 exf2+
27. Kf1 Rf4 28. Bxc5 bxc5 29. Rd1 Bc6 30. a4 g5 31. Nc3 Rb4 32. Nd5 Bxd5 33.
Rxd5 Rxb3 34. Rxg5+ Kh8 35. Rxc5 Ra3 36. a5 Ra2 37. Rf5 Kg7 38. Rxf2 Rxa5 39.
g3 Ra3 40. Kg2 Rb3 41. g4 Rc3 42. Rf3 Rxf3 43. Kxf3 Kg6 44. Kf4 Kf6 45. h4 h6
46. g5+ hxg5+ 47. hxg5+ Kg6 48. Kg4 Kg7 49. Kh5 Kh7 50. g6+ Kg7 51. Kg5 Kg8 52.
Kg4 Kg7 53. Kf5 Kg8 54. Kf6 Kf8 55. Ke6 Kg7 56. Kf5 1/2-1/2

[Event "British Columbia op"]
[Site "Richmond"]
[Date "2013.02.11"]
[Round "5.4"]
[White "Dimitrijevic, Darko"]
[Black "Chan, James"]
[Result "0-1"]
[WhiteElo "2027"]
[BlackElo "2160"]
[PlyCount "64"]
[EventDate "2013.02.09"]
[EventRounds "5"]
[EventCountry "CAN"]
[SourceDate "2005.09.12"]

1. e4 e5 2. Nc3 Nf6 3. g3 Bc5 4. Bg2 c6 5. Na4 Be7 6. d4 d6 7. Ne2 Bg4 8. f3
Be6 9. b3 Qa5+ 10. Bd2 Qc7 11. O-O h5 12. c4 h4 13. Be3 hxg3 14. hxg3 Bh3 15.
Bxh3 Rxh3 16. Kg2 Rh8 17. Rh1 Rg8 18. g4 g6 19. Ng3 c5 20. dxe5 dxe5 21. Nc3
Nc6 22. g5 Nd7 23. Nb5 Qb8 24. Qd2 a6 25. Nc3 Qd6 26. Nd5 O-O-O 27. a3 Nd4 28.
Rab1 Rh8 29. b4 Rxh1 30. Rxh1 Qe6 31. Ne2 Nb6 32. Qc1 Nxe2 0-1

[Event "British Columbia op"]
[Site "Richmond"]
[Date "2013.02.11"]
[Round "5.5"]
[White "Patterson, Roger"]
[Black "Doknjas, John"]
[Result "1/2-1/2"]
[WhiteElo "2084"]
[BlackElo "2094"]
[PlyCount "37"]
[EventDate "2013.02.09"]
[EventRounds "5"]
[EventCountry "CAN"]
[SourceDate "2005.09.12"]

1. e4 c5 2. Nf3 d6 3. d4 cxd4 4. Nxd4 Nf6 5. Nc3 a6 6. Be2 e5 7. Nb3 Be7 8. O-O
O-O 9. Kh1 Nc6 10. f4 b5 11. Bf3 Na5 12. a4 Nxb3 13. cxb3 b4 14. Nd5 Nxd5 15.
Qxd5 Be6 16. Qd3 a5 17. Be3 Qc7 18. Rac1 Qb7 19. f5 1/2-1/2

[Event "British Columbia op"]
[Site "Richmond"]
[Date "2013.02.11"]
[Round "5"]
[White "Han, Yifei"]
[Black "North, Robert"]
[Result "1-0"]
[WhiteElo "2129"]
[BlackElo "1910"]
[PlyCount "77"]
[EventDate "2013.02.09"]
[EventRounds "5"]
[EventCountry "CAN"]
[SourceDate "2005.09.12"]

1. e4 c5 2. Nf3 d6 3. Bb5+ Nc6 4. c3 a6 5. Ba4 b5 6. Bc2 Nf6 7. O-O e6 8. Re1
Be7 9. d4 Qc7 10. a3 e5 11. Nbd2 Bg4 12. d5 Nb8 13. Nf1 O-O 14. h3 Bxf3 15.
Qxf3 Nbd7 16. Ng3 g6 17. Bh6 Rfb8 18. Nf5 Bf8 19. Bxf8 Kxf8 20. Ne3 Kg7 21. Ng4
Nxg4 22. hxg4 h6 23. g3 Nf6 24. Kg2 Qd8 25. Bd1 b4 26. axb4 cxb4 27. c4 a5 28.
b3 Qc7 29. Ra4 Nd7 30. Rh1 Nc5 31. Ra1 Qd7 32. Qe3 g5 33. Rb1 a4 34. bxa4 Nxa4
35. Bxa4 Qxa4 36. Qf3 Qd7 37. Rxh6 Qe7 38. Rh5 Rh8 39. Rxb4 1-0

[Event "British Columbia op"]
[Site "Richmond"]
[Date "2013.02.11"]
[Round "5"]
[White "Velazquez, Hector"]
[Black "Ingram, Richard"]
[Result "1-0"]
[WhiteElo "2021"]
[BlackElo "2009"]
[PlyCount "109"]
[EventDate "2013.02.09"]
[EventRounds "5"]
[EventCountry "CAN"]
[SourceDate "2005.09.12"]

1. e4 c5 2. Nf3 Nc6 3. d4 cxd4 4. Nxd4 Nf6 5. Nc3 g6 6. Be3 Bg7 7. f3 O-O 8.
Qd2 d5 9. exd5 Nxd5 10. Nxd5 Qxd5 11. Nxc6 Qxc6 12. O-O-O Be6 13. Kb1 Qa4 14.
b3 Qc6 15. Bh6 Bc3 16. Qg5 Bf6 17. Qb5 Qc3 18. Kc1 Qb2+ 19. Kd2 Bc3+ 20. Ke3
Rfd8 21. Rxd8+ Rxd8 22. Bd3 Bf6 23. Rd1 Qd4+ 24. Ke2 Bd5 25. Qa5 e5 26. Be3 Qh4
27. Be4 Bxe4 28. Bf2 Qg5 29. h4 Bxc2 30. hxg5 Bxd1+ 31. Ke1 b6 32. Qc3 Bxg5 33.
Qxe5 f6 34. Qc7 f5 35. Qxa7 Bc2 36. Bxb6 Rd1+ 37. Kf2 Rd2+ 38. Kg3 f4+ 39. Kh2
Re2 40. Bd4 Re7 41. Qc5 Bf5 42. Qd5+ Re6 43. g4 fxg3+ 44. Kxg3 Be7 45. a4 h5
46. Bc5 h4+ 47. Kf2 Bf6 48. Qa8+ Kh7 49. Qb7+ Kh6 50. Be3+ Bg5 51. Bxg5+ Kxg5
52. Qd5 h3 53. Kg3 Re2 54. Qd8+ Kh6 55. Qh8+ 1-0